|
|
|
|
| LEADER |
01760nam a2200493 a 4500 |
| 001 |
nkc20051628461 |
| 003 |
CZ PrNK |
| 005 |
20060320095006.0 |
| 007 |
ta |
| 008 |
051025s2005 xr c 000 f cze |
| 015 |
|
|
|a cnb001628461
|
| 020 |
|
|
|a 80-00-01731-8
|q (váz.)
|
| 035 |
|
|
|a (OCoLC)85164104
|
| 040 |
|
|
|a OLA001
|b cze
|d ABA001
|
| 041 |
1 |
|
|a cze
|h eng
|
| 072 |
|
7 |
|a 821.111-3
|x Anglická próza, anglicky psaná
|2 Konspekt
|9 25
|
| 072 |
|
7 |
|a 821-93
|x Literatura pro děti a mládež (beletrie)
|2 Konspekt
|9 26
|
| 080 |
|
|
|a 821-93
|2 MRF
|
| 080 |
|
|
|a 821.111(415)-31
|2 MRF
|
| 080 |
|
|
|a (0:82-312.9)
|2 MRF
|
| 100 |
1 |
|
|a Colfer, Eoin,
|d 1965-
|7 xx0002126
|4 aut
|
| 245 |
1 |
0 |
|a Artemis Fowl.
|p Opalin podraz /
|c Eoin Colfer ; [přeložila Veronika Volhejnová]
|
| 246 |
3 |
0 |
|a Opalin podraz
|
| 250 |
|
|
|a 1. vyd.
|
| 260 |
|
|
|a Praha :
|b Albatros,
|c 2005
|
| 300 |
|
|
|a 294 s. ;
|c 21 cm
|
| 490 |
1 |
|
|a Klub mladých čtenářů
|
| 500 |
|
|
|a Přeloženo z angličtiny
|
| 521 |
8 |
|
|a Pro čtenáře od 11 let
|
| 655 |
|
7 |
|a irské romány (anglicky)
|7 fd132475
|2 czenas
|
| 655 |
|
7 |
|a fantasy romány
|7 fd184199
|2 czenas
|
| 655 |
|
7 |
|a publikace pro děti
|7 fd133156
|2 czenas
|
| 655 |
|
9 |
|a Irish fiction (English)
|2 eczenas
|
| 655 |
|
9 |
|a fantasy novels
|2 eczenas
|
| 655 |
|
9 |
|a children's literature
|2 eczenas
|
| 765 |
0 |
|
|t Artemis Fowl
|9 Česky
|
| 765 |
1 |
|
|t Opal deception
|9 Česky
|
| 830 |
|
0 |
|a Klub mladých čtenářů (Albatros)
|0 s
|
| 856 |
4 |
1 |
|u http://www.digitalniknihovna.cz/mzk/uuid/uuid:0c2b5470-5367-11e3-ae59-005056827e52
|y Digitalizovaný dokument
|x NDK
|
| 910 |
2 |
|
|a BOA001
|b 2-1162.078
|
| 990 |
|
|
|a BK
|
| 995 |
|
|
|a 01
|
| 991 |
|
|
|b 200601
|
| 996 |
6 |
|
|b 2610268540
|c 2-1162.078
|l MZK
|r Sklad / do 1 hodiny
|n 7
|p p.v.
|w 000801548
|u 000010
|a 1
|e BOA001
|j MZK50
|s P
|